Operational amplifiers and linear integrated circuits / (Record no. 183537)
[ view plain ]
| 000 -LEADER | |
|---|---|
| fixed length control field | 01401 a2200229 4500 |
| 003 - CONTROL NUMBER IDENTIFIER | |
| control field | Nust |
| 005 - DATE AND TIME OF LATEST TRANSACTION | |
| control field | 20221227095844.0 |
| 010 ## - LIBRARY OF CONGRESS CONTROL NUMBER | |
| LC control number | 90043585 |
| 020 ## - INTERNATIONAL STANDARD BOOK NUMBER | |
| International Standard Book Number | 0136399231 |
| 040 ## - CATALOGING SOURCE | |
| Transcribing agency | Nust |
| 082 00 - DEWEY DECIMAL CLASSIFICATION NUMBER | |
| Classification number | 621.395,COU |
| 100 1# - MAIN ENTRY--PERSONAL NAME | |
| Personal name | Coughlin, Robert F. |
| 9 (RLIN) | 78155 |
| 245 10 - TITLE STATEMENT | |
| Title | Operational amplifiers and linear integrated circuits / |
| Statement of responsibility, etc. | Robert F. Coughlin, Frederick F. Driscoll. |
| 250 ## - EDITION STATEMENT | |
| Edition statement | 4th ed. |
| 260 ## - PUBLICATION, DISTRIBUTION, ETC. | |
| Place of publication, distribution, etc. | Englewood Cliffs, N.J. : |
| Name of publisher, distributor, etc. | Prentice Hall, |
| Date of publication, distribution, etc. | c1991. |
| 300 ## - PHYSICAL DESCRIPTION | |
| Extent | xxvi, 502 p. : |
| Other physical details | ill. ; |
| Dimensions | 24 cm. |
| 505 ## - FORMATTED CONTENTS NOTE | |
| Formatted contents note | Introduction to OP AMPS (Page-1), First Experience with an Op AMP (Page-13), Inverting and No inverting Amplifiers (Page-39), Comparators and Controls (Page-73), Selected Applications of OP AMPS (Page-103), Signal Generators (Page-138), OP AMPs with Diodes (Page-169), Differential Instrumentation and Bridge Amplifiers (Page-193), DC Performance : Bias, Offsets, and Drift (Page-229), AC performance: Bandwidth Slew Rate, Noise, and Frequency Compensation (Page-250), Active Filers (Page-272), Modulating Demodulating and Frequency Changing with the Multiplier (Page-308), Integrated Circuit Timers (Page-342), Digital –to-analog and Analog to Digital Converters (Page-378), Power Supplies (Page-422). |
| 650 #0 - SUBJECT ADDED ENTRY--TOPICAL TERM | |
| Topical term or geographic name entry element | Linear integrated circuits. |
| 9 (RLIN) | 55531 |
| 650 #0 - SUBJECT ADDED ENTRY--TOPICAL TERM | |
| Topical term or geographic name entry element | Operational amplifiers. |
| 9 (RLIN) | 56206 |
| 700 1# - ADDED ENTRY--PERSONAL NAME | |
| Personal name | Driscoll, Frederick F., |
| Dates associated with a name | 1943- |
| 9 (RLIN) | 103572 |
| 942 ## - ADDED ENTRY ELEMENTS (KOHA) | |
| Source of classification or shelving scheme | |
| Koha item type | Book |
| Withdrawn status | Lost status | Source of classification or shelving scheme | Damaged status | Not for loan | Permanent Location | Current Location | Shelving location | Date acquired | Full call number | Barcode | Date last seen | Price effective from | Koha item type | Public note |
|---|---|---|---|---|---|---|---|---|---|---|---|---|---|---|
| Military College of Signals (MCS) | Military College of Signals (MCS) | General Stacks | 12/12/2016 | 621.395,COU | MCS5709 | 12/08/2016 | 12/12/2016 | Book | Almirah No.40, Shelf No.2 |
